000 00977nam a2200229 a 4500
005 20231024063627.0
008 991125s1956 mx 000 0 spa u
035 _aUPN01000004448
049 _aLT
050 4 _aLB1589 M6.6
_bH4.2 1956
100 1 _aHernández Ruiz, Santiago,
_d1901-1988
_928897
245 1 0 _aAritmética y nociones de geometría :
_btercer ciclo : segundo grado /
_cpor Santiago Hernández Ruiz.
250 _a12a ed.
260 _aMéxico :
_bHerrero,
_c1956.
300 _a398 p. :
_bil.
500 _a"Con más de 2000 problemas y ejercicios en la mayor variedad que existe hasta el día"
500 _a"Libro apto para servir de texto en los estudios del sexto año de enseñanza primaria y para la afirmación y aplicación de los conocimientos aritméticos de las personas"
650 4 _aAritmética
_xEstudio y enseñanza (Elemental)
_95289
650 4 _aGeometría
_xEstudio y enseñanza (Elemental)
_94869
905 _aLibro
999 _c4448
_d4448